The Unforgotten Coat / (Record no. 4881)

MARC details
000 -LEADER
fixed length control field 01057nam a22003017a 4500
001 - CONTROL NUMBER
control field 4881
003 - CONTROL NUMBER IDENTIFIER
control field FISKH
005 - DATE AND TIME OF LATEST TRANSACTION
control field 20241022144419.0
008 - FIXED-LENGTH DATA ELEMENTS--GENERAL INFORMATION
fixed length control field 241022b cb ||||| |||| 00| 0 eng d
020 ## - INTERNATIONAL STANDARD BOOK NUMBER
International Standard Book Number 9781406341546
040 ## - CATALOGING SOURCE
Original cataloging agency FISKH
Language of cataloging eng
Transcribing agency FISKH
Modifying agency FISKH
050 ## - LIBRARY OF CONGRESS CALL NUMBER
Classification number PZ7.C82963
082 ## - DEWEY DECIMAL CLASSIFICATION NUMBER
Classification number 823.92
100 ## - MAIN ENTRY--PERSONAL NAME
Personal name Boyce, Frank Cottrell
245 ## - TITLE STATEMENT
Title The Unforgotten Coat /
Statement of responsibility, etc. by Frank Cottrell Boyce
260 ## - PUBLICATION, DISTRIBUTION, ETC.
Place of publication, distribution, etc. London :
Name of publisher, distributor, etc. Walker Books ;
Date of publication, distribution, etc. 2011 .
300 ## - PHYSICAL DESCRIPTION
Extent 102 pages :
Other physical details illustrations ;
Dimensions 24 cm .
505 ## - FORMATTED CONTENTS NOTE
Formatted contents note R <br/>
520 ## - SUMMARY, ETC.
Summary, etc. When two Mongolian brothers inexplicably appear one morning in her sixth grade class, Julie, who lives in a town near Liverpool named Bootle, becomes their new friend and "Good Guide," navigating them through soccer, school uniforms, and British slang.
521 8# - TARGET AUDIENCE NOTE
Target audience note 710 <br/>
521 8# - TARGET AUDIENCE NOTE
Target audience note 710 <br/>
Source Lexile <br/>
521 8# - TARGET AUDIENCE NOTE
Target audience note R <br/>
Source Raz-Plus <br/>
650 ## - SUBJECT ADDED ENTRY--TOPICAL TERM
Topical term or geographic name entry element immigration
Form subdivision fiction
700 ## - ADDED ENTRY--PERSONAL NAME
Personal name Hunter, Carl
Relator term photographer
700 ## - ADDED ENTRY--PERSONAL NAME
Personal name Heneym Clare
Relator term photographer
942 ## - ADDED ENTRY ELEMENTS (KOHA)
Source of classification or shelving scheme Dewey Decimal Classification
Koha item type Books
Suppress in OPAC No
Holdings
Withdrawn status Lost status Source of classification or shelving scheme Damaged status Not for loan Collection Home library Current library Shelving location Date acquired Total Checkouts Full call number Barcode Date last seen Copy number Price effective from Koha item type
    Dewey Decimal Classification     Fiction Footprints International School Library Network Toul Tom Poung Campus Footprints International School Library Network Toul Tom Poung Campus TTP Primary Orange Bookshelves 10/22/2024   BOY 823.92 PZ7.C82963 FISBK073154 10/22/2024 1 10/22/2024 Books
    Dewey Decimal Classification     Fiction Footprints International School Library Network Toul Tom Poung Campus Footprints International School Library Network Toul Tom Poung Campus TTP Primary Orange Bookshelves 07/29/2025   BOY 823.92 PZ7.C82963 FIS03362 07/29/2025 2 07/29/2025 Books